| 000 | 00549nam a2200193Ia 4500 | ||
|---|---|---|---|
| 005 | 20250508150745.0 | ||
| 008 | 008 250505s9999 xx 000 0 eng d | ||
| 037 | _aTextual | ||
| 040 |
_aFEDL _beng _cFEDL |
||
| 041 |
_aeng _2eng |
||
| 084 |
_a301, CHA _qFEDL |
||
| 100 | _aChase Stuart | ||
| 245 | 0 | _aProper study of manking : An inquiry into the science of human relations | |
| 260 |
_aLondon, UK _bPhoenix House Ltd _c1950 |
||
| 300 | _a288p. | ||
| 650 | _aSociology | ||
| 942 |
_cTEXL _h301, CHA |
||
| 999 |
_c1325486 _d1325486 |
||